000 02061nam a2200325 4500
003 CO-CtgCURN
005 20250331184424.0
007 ta
008 160627s2017 000 0 eng d
020 _a9789587727180
040 _aCO-CtgCURN
_bspa
_ccoctgcurn
082 0 _a342.861
_bC824
100 1 _aCorrea Henao, Magdalena.
245 1 0 _aLecciones de derecho constitucional /
_cPaola Andrea Acosta Alvarado; editores académicos: Magdalena Correa Henao; Nestro Ivan Osuna Patiño; Gonzalo Ramírez Cleves.
260 _aBogotá :
_bUniversidad Externado de Colombia,
_c2017.
300 _avolúmenes.
336 _2rdacontent
337 _2rdamedia
_asin mediacion
_bn
338 _2rdacarrier
_avolumen
_bnc
500 _aIncluye indice.
520 8 _a"Las Lecciones de Derecho Constitucional presentan una serie de reflexiones en torno a las principales características del constitucionalismo colombiano y, en particular, aquellas que defienden las características de nuestro Estado social de derecho. El primer tomo hace un estudio de los asuntos teóricos, conceptuales y sustanciales del derecho constitucional en general, como su importancia, al concepto de Constitución, el poder constituyente, la definición y elementos del Estado y las formas de gobierno. También se estudian el importante papel que cumplen los derechos fundamentales con restricción del poder, el rol de la jurisdicción constitucional y la apertura del derecho constitucional frente al derecho internacional. Por último, se analizan aspectos novedosos como el neoconstitucionalismo, la interpretación constitucional y la ponderación."
650 1 4 _aDerecho constitucional
_zColombia.
700 1 _aAcosta Alvarado, Paola Andrea.
700 1 _aCorrea Henao, Magdalena,
_eeditor académico.
700 1 _aOsuna Patiño, Nestor Ivan,
_eeditor académico.
700 1 _aRamírez Cleves, Gonzalo,
_eeditor académico.
908 _a160627
942 _cBK
_h342.861
_iC824
_2ddc
999 _c19176
_d19176